[Event "Regionalliga NW 1516"]
[Site "Bayern"]
[Date "2015.12.13"]
[Round "4.2"]
[White "Herbst, Christoph"]
[Black "Oschetzki, Stefan"]
[Result "1-0"]
[WhiteElo "2025"]
[BlackElo "2004"]
[PlyCount "63"]
[EventDate "2015.10.11"]
[EventType "team-tourn"]
[EventRounds "9"]
[EventCountry "GER"]
[SourceTitle "EXT 2018"]
[Source "ChessBase"]
[SourceDate "2017.10.13"]
[SourceVersion "1"]
[SourceVersionDate "2017.10.13"]
[SourceQuality "1"]
[WhiteTeam "Bad Neustadt"]
[BlackTeam "Kirchenlaibach"]
[WhiteTeamCountry "GER"]
[BlackTeamCountry "GER"]

1. e4 d6 2. d4 Nf6 3. Nc3 g6 4. f4 Bg7 5. Nf3 c5 6. Bb5+ Bd7 7. e5 Ng4 8. Bxd7+ Qxd7 9. d5 dxe5 10. h3 Nh6 11. fxe5 0-0 12. 0-0 Nf5 13. Bf4 Na6 14. g4 Nd4 15. Nxd4 cxd4 16. Qxd4 f5 17. g5 e6 18. d6 Rfc8 19. a4 Rc5 20. b4 Rcc8 21. Rfd1 Nb8 22. b5 b6 23. Nd5 Rxc2 24. Nc7 Bf8 25. Rac1 Rxc1 26. Rxc1 Qc8 27. Nxa8 Qb7 28. Nc7 Nd7 29. Nxe6 Nc5 30. Nxc5 bxc5 31. Rxc5 Qf3 32. Qd5+ 1-0

[Event "Regionalliga NW 1213"]
[Site "Bayern"]
[Date "2013.02.24"]
[Round "7.4"]
[White "Hertel, Hans"]
[Black "Oschetzki, Stefan"]
[Result "1-0"]
[WhiteElo "2061"]
[BlackElo "2083"]
[PlyCount "49"]
[EventDate "2012.10.14"]
[EventType "team-tourn"]
[EventRounds "9"]
[EventCountry "GER"]
[SourceTitle "EXT 2015"]
[Source "ChessBase"]
[SourceDate "2014.11.20"]
[SourceVersion "1"]
[SourceVersionDate "2014.11.20"]
[SourceQuality "1"]
[WhiteTeam "Hof"]
[BlackTeam "Kirchenlaibach"]
[WhiteTeamCountry "GER"]
[BlackTeamCountry "GER"]

1. d4 g6 2. c3 Bg7 3. Bg5 c5 4. Nf3 Nc6 5. d5 Ne5 6. Nbd2 Qc7 7. Nxe5 Bxe5 8. Nc4 h6 9. Bh4 g5 10. Nxe5 Qxe5 11. Bg3 Qg7 12. e4 Nf6 13. Bd3 d6 14. e5 dxe5 15. Bxe5 Bd7 16. 0-0 0-0 17. Qe2 Rfe8 18. Rae1 Qf8 19. c4 Bg4 20. Qe3 b6 21. f4 Bh5 22. fxg5 Ng4 23. Qh3 Nxe5 24. Rxe5 Qg7 25. Qxh5 1-0

[Event "Regionalliga NW 1112"]
[Site "Bayern"]
[Date "2012.04.15"]
[Round "9.4"]
[White "Oschetzki, Stefan"]
[Black "Wilfert, Andre"]
[Result "1/2-1/2"]
[WhiteElo "2064"]
[BlackElo "1963"]
[PlyCount "30"]
[EventDate "2011.10.02"]
[EventType "team-tourn"]
[EventRounds "9"]
[EventCountry "GER"]
[SourceTitle "EXT 2015"]
[Source "ChessBase"]
[SourceDate "2014.11.20"]
[SourceVersion "1"]
[SourceVersionDate "2014.11.20"]
[SourceQuality "1"]
[WhiteTeam "Kirchenlaibach"]
[BlackTeam "Marktleuthen"]
[WhiteTeamCountry "GER"]
[BlackTeamCountry "GER"]

1. e4 c5 2. c3 d5 3. exd5 Qxd5 4. d4 e5 5. Nf3 Nc6 6. Be3 cxd4 7. cxd4 Bb4+ 8. Nc3 exd4 9. Nxd4 Nge7 10. Be2 Nxd4 11. Qxd4 Qxd4 12. Bxd4 0-0 13. 0-0 Nf5 14. Rfd1 Nxd4 15. Rxd4 Bc5 1/2-1/2

[Event "Regionalliga NW 1011"]
[Site "Bayern"]
[Date "2011.02.06"]
[Round "6.4"]
[White "Oschetzki, Stefan"]
[Black "Leicht, Gerhard"]
[Result "1-0"]
[WhiteElo "2077"]
[BlackElo "1785"]
[PlyCount "59"]
[EventDate "2010.10.10"]
[EventType "team-tourn"]
[EventRounds "9"]
[EventCountry "GER"]
[SourceTitle "EXT 2012"]
[Source "ChessBase"]
[SourceDate "2011.11.24"]
[SourceVersion "1"]
[SourceVersionDate "2011.11.24"]
[SourceQuality "1"]
[WhiteTeam "Kirchenlaibach"]
[BlackTeam "Hoechstadt/Aisch"]
[WhiteTeamCountry "GER"]
[BlackTeamCountry "GER"]

1. e4 c5 2. c3 d5 3. exd5 Qxd5 4. d4 Nf6 5. Nf3 e6 6. Bd3 Be7 7. 0-0 0-0 8. Be3 cxd4 9. cxd4 Nc6 10. Nc3 Qd8 11. a3 b6 12. Qe2 Nd5 13. Bd2 Bf6 14. Qe4 g6 15. Bc4 Nde7 16. Bh6 Re8 17. Rad1 Bb7 18. Qf4 Nf5 19. d5 e5 20. dxc6 exf4 21. cxb7 Qc7 22. bxa8Q Rxa8 23. Nd5 Qxc4 24. Nxf6+ Kh8 25. Ne5 Qe6 26. Rfe1 Qxf6 27. Bg5 Qg7 28. Rd7 Rf8 29. Ng4 Kg8 30. Bf6 1-0

[Event "Regionalliga NW 1011"]
[Site "Bayern"]
[Date "2010.10.24"]
[Round "2.5"]
[White "Oschetzki, Stefan"]
[Black "Federschmidt, Ralf"]
[Result "1-0"]
[WhiteElo "2077"]
[BlackElo "1905"]
[PlyCount "79"]
[EventDate "2010.10.10"]
[EventType "team-tourn"]
[EventRounds "9"]
[EventCountry "GER"]
[SourceTitle "EXT 2012"]
[Source "ChessBase"]
[SourceDate "2011.11.24"]
[SourceVersion "1"]
[SourceVersionDate "2011.11.24"]
[SourceQuality "1"]
[WhiteTeam "Kirchenlaibach"]
[BlackTeam "Bad Neustadt"]
[WhiteTeamCountry "GER"]
[BlackTeamCountry "GER"]

1. e4 c6 2. Nc3 d5 3. Nf3 dxe4 4. Nxe4 Bf5 5. Ng3 Bg6 6. h4 h6 7. Ne5 Qd6 8. d4 Nd7 9. Nxg6 Qxg6 10. Bd3 Qd6 11. c3 e6 12. Qf3 Qc7 13. Ne4 Ngf6 14. Bf4 Qb6 15. 0-0-0 Nxe4 16. Bxe4 Nf6 17. Bc2 Rd8 18. Be5 Nd7 19. Bg3 Nf6 20. Be5 Nd7 21. Bh2 Nf6 22. g4 Bd6 23. g5 hxg5 24. Bxd6 Rxd6 25. hxg5 Rxh1 26. Rxh1 Nd7 27. g6 f5 28. Qg3 Qc7 29. Bb3 Nf8 30. Rh7 Qe7 31. Qe5 Rd7 32. Rh8 Rd8 33. Bxe6 Qg5+ 34. f4 Qg1+ 35. Kc2 Qxg6 36. Bxf5+ Kf7 37. Bxg6+ Nxg6 38. Qf5+ Ke7 39. Rxd8 Kxd8 40. Qxg6 1-0

[Event "Regionalliga NW 0910"]
[Site "Bayern"]
[Date "2010.04.11"]
[Round "9.3"]
[White "Oschetzki, Stefan"]
[Black "Scherer, Ralf"]
[Result "0-1"]
[WhiteElo "2077"]
[BlackElo "2175"]
[PlyCount "130"]
[EventDate "2009.10.18"]
[EventType "team-tourn"]
[EventRounds "9"]
[EventCountry "GER"]
[SourceTitle "EXT 2011"]
[Source "ChessBase"]
[SourceDate "2010.11.26"]
[SourceVersion "1"]
[SourceVersionDate "2010.11.26"]
[SourceQuality "1"]
[WhiteTeam "Kirchenlaibach"]
[BlackTeam "Obernau"]
[WhiteTeamCountry "GER"]
[BlackTeamCountry "GER"]

1. e4 d6 2. d4 Nf6 3. Nc3 g6 4. Bc4 Bg7 5. Qe2 Nc6 6. e5 Nd7 7. e6 fxe6 8. Nf3 d5 9. Bb5 Nxd4 10. Nxd4 Bxd4 11. Bh6 c6 12. Bd3 e5 13. Rd1 Bxc3+ 14. bxc3 e4 15. Bxe4 dxe4 16. Qxe4 Qc7 17. 0-0 Nf6 18. Qd4 c5 19. Qh4 Bd7 20. Bg7 0-0-0 21. Bxh8 Rxh8 22. Rde1 Re8 23. Re2 g5 24. Qg3 Qxg3 25. hxg3 b6 26. Rfe1 e6 27. a3 Nd5 28. c4 Nc7 29. Re5 Rg8 30. f3 Ne8 31. Rd1 Kc7 32. Re3 Rg7 33. Red3 Re7 34. Kf2 Ng7 35. g4 Ne8 36. Ke3 Nf6 37. Rh1 Bc8 38. Kd2 Nd7 39. Re3 e5 40. Rh5 Rg7 41. Rh6 Bb7 42. Re6 Rf7 43. Ke2 Ba6 44. Kd3 Bb7 45. Ke2 Bc6 46. Re8 Rg7 47. Re6 a6 48. Kd2 b5 49. cxb5 axb5 50. Rd3 Nb6 51. Ke1 Nc4 52. Kf2 Kb6 53. Rd8 Nxa3 54. Rc8 Rc7 55. Rxc7 Kxc7 56. Rxe5 Kd6 57. Re2 b4 58. Rd2+ Ke5 59. Ke1 Ba4 60. Kd1 Nxc2 61. Re2+ Kd4 62. Kd2 c4 63. Re4+ Kd5 64. Re7 c3+ 65. Kc1 b3 0-1

[Event "Regionalliga NW 0910"]
[Site "Bayern"]
[Date "2010.01.24"]
[Round "5.3"]
[White "Oschetzki, Stefan"]
[Black "Ruettinger, Johannes"]
[Result "0-1"]
[WhiteElo "2077"]
[BlackElo "2197"]
[PlyCount "70"]
[EventDate "2009.10.18"]
[EventType "team-tourn"]
[EventRounds "9"]
[EventCountry "GER"]
[SourceTitle "EXT 2011"]
[Source "ChessBase"]
[SourceDate "2010.11.26"]
[SourceVersion "1"]
[SourceVersionDate "2010.11.26"]
[SourceQuality "1"]
[WhiteTeam "Kirchenlaibach"]
[BlackTeam "Bindlach II"]
[WhiteTeamCountry "GER"]
[BlackTeamCountry "GER"]

1. e4 c5 2. c3 Nf6 3. e5 Nd5 4. d4 cxd4 5. cxd4 d6 6. Nf3 Nc6 7. Bc4 e6 8. 0-0 Be7 9. Bd2 Qb6 10. Nc3 Nxc3 11. Bxc3 0-0 12. Qe2 Bd7 13. Rfd1 d5 14. Bd3 f5 15. exf6 gxf6 16. Nh4 Rf7 17. Rac1 Bd6 18. Bb1 Qc7 19. g3 Qd8 20. f4 f5 21. Nf3 Rg7 22. Kf2 Kh8 23. Ne5 Qf6 24. Re1 Re8 25. Qh5 Reg8 26. Qe2 Qh6 27. Rh1 Be8 28. Rcg1 Nxe5 29. fxe5 Be7 30. Bd2 Qh3 31. Bd3 Bh5 32. Qf1 Qg4 33. Bf4 Qf3+ 34. Ke1 Bb4+ 35. Bd2 Qd1+ 0-1

[Event "Regionalliga NW 0910"]
[Site "Bayern"]
[Date "2009.10.18"]
[Round "1.3"]
[White "Oschetzki, Stefan"]
[Black "Gehlert, Klaus"]
[Result "1/2-1/2"]
[WhiteElo "2077"]
[BlackElo "2030"]
[PlyCount "43"]
[EventDate "2009.10.18"]
[EventType "team-tourn"]
[EventRounds "9"]
[EventCountry "GER"]
[SourceTitle "EXT 2011"]
[Source "ChessBase"]
[SourceDate "2010.11.26"]
[SourceVersion "1"]
[SourceVersionDate "2010.11.26"]
[SourceQuality "1"]
[WhiteTeam "Kirchenlaibach"]
[BlackTeam "Wuerzburg II"]
[WhiteTeamCountry "GER"]
[BlackTeamCountry "GER"]

1. e4 e6 2. c4 d5 3. cxd5 exd5 4. exd5 Nf6 5. Nf3 Nxd5 6. Bc4 Qe7+ 7. Be2 g6 8. 0-0 Bg7 9. Bc4 c6 10. Re1 Be6 11. Nc3 Nc7 12. d4 0-0 13. Qb3 Qd7 14. Bxe6 Nxe6 15. d5 cxd5 16. Nxd5 Nc6 17. Bh6 Ncd4 18. Nxd4 Nxd4 19. Bxg7 Nxb3 20. Nf6+ Kxg7 21. Nxd7 Nxa1 22. Nxf8 1/2-1/2

[Event "Amantea op-A 7th"]
[Site "Amantea"]
[Date "2009.09.04"]
[Round "5"]
[White "Gad, Ahmad"]
[Black "Oschetzki, Stefan"]
[Result "0-1"]
[WhiteElo "1956"]
[BlackElo "2178"]
[PlyCount "118"]
[EventDate "2009.08.31"]
[EventType "swiss"]
[EventRounds "9"]
[EventCountry "ITA"]
[SourceTitle "CBM 132 Extra"]
[Source "ChessBase"]
[SourceDate "2009.11.03"]
[SourceVersion "1"]
[SourceVersionDate "2009.11.03"]
[SourceQuality "1"]

1. e4 g6 2. d4 Bg7 3. Nc3 d6 4. Be3 Nd7 5. Nf3 e6 6. Bc4 a6 7. a4 b6 8. 0-0 h6 9. Ne1 Bb7 10. f4 Ne7 11. Bd3 f5 12. Nf3 Nf6 13. e5 Ne4 14. Ne2 0-0 15. Ng3 Qd7 16. Qe2 Kh7 17. Nd2 Nxd2 18. Qxd2 Nd5 19. Be2 Rfd8 20. Bf2 c5 21. exd6 Qxd6 22. dxc5 bxc5 23. Rad1 Qxf4 24. Bxc5 Qxd2 25. Rxd2 Rac8 26. b4 Bc3 27. Rd3 Bxb4 28. Bxb4 Nxb4 29. Rxd8 Rxd8 30. Rb1 a5 31. c3 f4 32. cxb4 fxg3 33. bxa5 gxh2+ 34. Kxh2 Bd5 35. a6 Kg7 36. Rb7+ Kf6 37. Bf3 Bxf3 38. gxf3 Rd6 39. a7 Ra6 40. Kg3 Rxa4 41. Rh7 h5 42. f4 e5 43. fxe5+ Kxe5 44. Rg7 Kf5 45. Rf7+ Kg5 46. Rb7 Ra3+ 47. Kg2 h4 48. Rb5+ Kg4 49. Rb4+ Kh5 50. Rb7 g5 51. Rc7 Ra2+ 52. Kf3 Ra3+ 53. Kg2 Kg6 54. Rc6+ Kh5 55. Rc7 h3+ 56. Kh2 Kh4 57. Rb7 Ra2+ 58. Kh1 g4 59. Rc7 Ra1+ 0-1

[Event "Amantea op-A 7th"]
[Site "Amantea"]
[Date "2009.09.01"]
[Round "3"]
[White "Oschetzki, Stefan"]
[Black "Del Noce, Roberto"]
[Result "1-0"]
[WhiteElo "2178"]
[BlackElo "1857"]
[PlyCount "51"]
[EventDate "2009.08.31"]
[EventType "swiss"]
[EventRounds "9"]
[EventCountry "ITA"]
[SourceTitle "CBM 132 Extra"]
[Source "ChessBase"]
[SourceDate "2009.11.03"]
[SourceVersion "1"]
[SourceVersionDate "2009.11.03"]
[SourceQuality "1"]

1. e4 c5 2. c3 e6 3. d4 d5 4. exd5 exd5 5. Bd3 Nf6 6. h3 Nbd7 7. Nf3 Bd6 8. 0-0 0-0 9. Bg5 h6 10. Bh4 Re8 11. Nbd2 c4 12. Bf5 b5 13. Qc2 Nb6 14. Rfe1 Rxe1+ 15. Rxe1 Bxf5 16. Qxf5 Qd7 17. Qb1 Nh5 18. Ne5 Qc7 19. Ndf3 Nf4 20. Qf5 Ne6 21. Nxf7 Nxd4 22. Nxh6+ gxh6 23. Nxd4 Bf8 24. Re6 Bg7 25. Re7 Qc8 26. Qf7+ 1-0

[Event "Isola d'Elba op 26th"]
[Site "Isola d'Elba"]
[Date "2008.05.10"]
[Round "2"]
[White "Oschetzki, Stefan"]
[Black "Bartoli, Fabio"]
[Result "1-0"]
[WhiteElo "2175"]
[BlackElo "1869"]
[PlyCount "113"]
[EventDate "2008.05.10"]
[EventType "swiss"]
[EventRounds "9"]
[EventCountry "ITA"]
[SourceTitle "CBM 124 Extra"]
[Source "ChessBase"]
[SourceDate "2008.07.03"]
[SourceVersion "1"]
[SourceVersionDate "2008.07.03"]
[SourceQuality "1"]

1. e4 c5 2. c3 d5 3. exd5 Qxd5 4. d4 cxd4 5. cxd4 Nc6 6. Nf3 Bg4 7. Be2 e6 8. 0-0 Nf6 9. Nc3 Qa5 10. Qb3 Qb4 11. Rd1 Qxb3 12. axb3 0-0-0 13. Be3 Nd5 14. Nxd5 Rxd5 15. h3 Bh5 16. g4 Bg6 17. Ne5 Nxe5 18. dxe5 Rxd1+ 19. Bxd1 a6 20. Bf3 Be7 21. Ba7 Bg5 22. Bc5 Rd8 23. Bd6 f6 24. Ra5 fxe5 25. Rc5+ Kd7 26. Bxe5 Rc8 27. Rxc8 Kxc8 28. Bxg7 b5 29. Bc3 Kc7 30. Kg2 Bf4 31. Ba5+ Kb8 32. Bc6 Bc2 33. Kf3 Bc1 34. Bc3 Bxb3 35. Be4 Bd1+ 36. Kg3 h5 37. f3 hxg4 38. Kxg4 Kc7 39. h4 Kd6 40. Kh5 e5 41. Kg6 Bf4 42. Bb4+ Ke6 43. h5 Bb3 44. h6 Bxh6 45. Kxh6 Bc4 46. Kg5 Be2 47. Kg4 Bd1 48. Bb7 Be2 49. Kg3 a5 50. Bxa5 Kd6 51. Bb4+ Kc7 52. Be4 Kd7 53. Kf2 Bc4 54. Ke3 Ke6 55. Bc3 Bb3 56. Bd3 Ba4 57. Ke4 1-0

[Event "Nittenau-ch 04th"]
[Site "Nittenau"]
[Date "2004.08.27"]
[Round "1"]
[White "Oschetzki, Stefan"]
[Black "Anhaeuser, Andreas"]
[Result "1-0"]
[WhiteElo "2066"]
[BlackElo "1562"]
[PlyCount "79"]
[EventDate "2004.08.27"]
[EventType "swiss"]
[EventRounds "5"]
[EventCountry "GER"]
[SourceTitle "EXT 2022"]
[Source "ChessBase"]
[SourceDate "2021.10.06"]
[SourceVersion "1"]
[SourceVersionDate "2021.10.06"]
[SourceQuality "1"]

1. e4 e5 2. f4 d5 3. exd5 e4 4. d3 Nf6 5. Nc3 Bf5 6. dxe4 Bxe4 7. Nxe4 Nxe4 8. Nf3 Bb4+ 9. c3 Nxc3 10. bxc3 Bxc3+ 11. Bd2 Bxa1 12. Qxa1 0-0 13. Bc4 Re8+ 14. Kf2 Nd7 15. Qd4 Nf6 16. Re1 Qd6 17. Bb3 Rxe1 18. Bxe1 Re8 19. Ne5 c5 20. Qd3 Rd8 21. Ba5 b6 22. Bc3 Nxd5 23. Qf5 f6 24. Nc4 Qxf4+ 25. Qxf4 Nxf4 26. Nxb6+ Kf8 27. Na4 Rc8 28. Bc4 Ke7 29. Kf3 Ng6 30. Ba6 Rc6 31. Bb5 Rc8 32. Ke4 Kd6 33. Bb2 Ne5 34. Ba3 Ng6 35. Nxc5 Nf8 36. Nd7+ Ke6 37. Nxf8+ Kf7 38. h4 Rc2 39. g3 Rxa2 40. Bc4+ 1-0

[Event "Hohenloher op 10th"]
[Site "Forchtenberg"]
[Date "2003.06.20"]
[Round "3"]
[White "Oschetzki, Stefan"]
[Black "Haub, Thorsten Michael"]
[Result "0-1"]
[WhiteElo "2159"]
[BlackElo "2391"]
[PlyCount "82"]
[EventDate "2003.06.19"]
[EventType "swiss"]
[EventRounds "7"]
[EventCountry "GER"]
[SourceTitle "EXT 2004"]
[Source "ChessBase"]
[SourceDate "2003.11.25"]
[SourceVersion "1"]
[SourceVersionDate "2003.11.25"]
[SourceQuality "1"]

1. e4 g6 2. d4 Bg7 3. Nc3 d6 4. Nf3 a6 5. a4 b6 6. Bc4 e6 7. 0-0 Ne7 8. Bg5 h6 9. Bh4 Nd7 10. Re1 Bb7 11. Qd2 0-0 12. Rad1 Qe8 13. Bg3 Kh7 14. h4 Nf6 15. Bd3 Qd7 16. Qe2 d5 17. Ne5 Qe8 18. Ng4 Nxg4 19. Qxg4 dxe4 20. Bc4 f5 21. Qh3 Qd7 22. Be5 Nd5 23. Bxd5 exd5 24. Ne2 Bxe5 25. dxe5 Qe7 26. f4 c5 27. Ng3 h5 28. Ne2 d4 29. Qb3 Qc7 30. c3 d3 31. Ng3 Rfd8 32. Nf1 Bd5 33. Qa3 b5 34. Ne3 Be6 35. Kh1 Qe7 36. g3 b4 37. Qa1 Rab8 38. c4 b3 39. Qa3 Rd4 40. Nd5 Bxd5 41. cxd5 Rxd5 0-1

[Event "Hohenloher op 10th"]
[Site "Forchtenberg"]
[Date "2003.06.19"]
[Round "2"]
[White "Leitz, Markus"]
[Black "Oschetzki, Stefan"]
[Result "0-1"]
[WhiteElo "1665"]
[BlackElo "2159"]
[PlyCount "68"]
[EventDate "2003.06.19"]
[EventType "swiss"]
[EventRounds "7"]
[EventCountry "GER"]
[SourceTitle "EXT 2004"]
[Source "ChessBase"]
[SourceDate "2003.11.25"]
[SourceVersion "1"]
[SourceVersionDate "2003.11.25"]
[SourceQuality "1"]

1. e4 d6 2. d4 Nf6 3. Nc3 g6 4. Bf4 c6 5. Be2 Qa5 6. Qd2 Be6 7. Nf3 Nbd7 8. 0-0 h5 9. b4 Qd8 10. Rfb1 Bg7 11. a4 h4 12. h3 Nb6 13. a5 Nc4 14. Qe1 d5 15. e5 Nh5 16. Bh2 Bh6 17. Na4 Bf4 18. Nc5 Qc8 19. Bxf4 Nxf4 20. Ng5 Bf5 21. Bd3 Rh5 22. Bxc4 Rxg5 23. Qe3 Rxg2+ 24. Kh1 dxc4 25. Qxf4 Be4 26. e6 Rg4+ 27. Qxe4 Rxe4 28. Nxe4 Qxe6 29. Re1 Qxh3+ 30. Kg1 0-0-0 31. c3 Qg4+ 32. Kf1 h3 33. Ng3 h2 34. Re4 Qxe4 0-1

[Event "Hohenloher op 10th"]
[Site "Forchtenberg"]
[Date "2003.06.19"]
[Round "1"]
[White "Oschetzki, Stefan"]
[Black "Zikeli, Saskia"]
[Result "1-0"]
[WhiteElo "2159"]
[BlackElo "1702"]
[PlyCount "49"]
[EventDate "2003.06.19"]
[EventType "swiss"]
[EventRounds "7"]
[EventCountry "GER"]
[SourceTitle "EXT 2004"]
[Source "ChessBase"]
[SourceDate "2003.11.25"]
[SourceVersion "1"]
[SourceVersionDate "2003.11.25"]
[SourceQuality "1"]

1. e4 c5 2. d4 cxd4 3. c3 dxc3 4. Nxc3 d6 5. Nf3 e6 6. Bc4 a6 7. 0-0 Nf6 8. Qe2 b5 9. Bb3 Ra7 10. Bg5 Be7 11. Nd4 Nxe4 12. Nxe4 Bxg5 13. Qh5 Be7 14. Bxe6 g6 15. Qd5 fxe6 16. Nxe6 Bxe6 17. Qxe6 Rf8 18. Rfe1 Rd7 19. Rac1 Rf7 20. Ng5 Rf5 21. Nxh7 Rf7 22. Ng5 Rg7 23. Qf6 Rc7 24. Rxc7 Qxc7 25. Qxg7 1-0

[Event "Bad Woerishofen op 18th"]
[Site "Bad Woerishofen"]
[Date "2002.??.??"]
[Round "5"]
[White "Oschetzki, Stefan"]
[Black "Wallhof, Dieter"]
[Result "0-1"]
[WhiteElo "2173"]
[BlackElo "2061"]
[PlyCount "60"]
[EventDate "2002.03.??"]
[EventType "swiss"]
[EventRounds "9"]
[EventCountry "GER"]
[SourceTitle "EXT 2003"]
[Source "ChessBase"]
[SourceDate "2002.11.25"]
[SourceVersion "1"]
[SourceVersionDate "2002.11.25"]
[SourceQuality "1"]

1. e4 e6 2. d4 d5 3. Nd2 c5 4. exd5 Qxd5 5. Ngf3 cxd4 6. Bc4 Qd6 7. 0-0 Nf6 8. Nb3 Nc6 9. Nbxd4 a6 10. Nxc6 Qxc6 11. Ne5 Qc7 12. Bf4 Bd6 13. Qe2 0-0 14. Rad1 b5 15. Bb3 Bb7 16. Rd4 Bc5 17. Rd3 Qb6 18. Rg3 Rfd8 19. Bh6 g6 20. Be3 Ne4 21. Bxc5 Qxc5 22. Nxf7 Kxf7 23. Re3 Qe7 24. Rh3 Kg7 25. Re1 Rd2 26. Qe3 Rxf2 27. Qh6+ Kh8 28. Rxe4 Raf8 29. Rf3 Rxg2+ 30. Kxg2 Bxe4 0-1

[Event "Passau op 6th"]
[Site "Passau"]
[Date "1998.04.12"]
[Round "5"]
[White "Oschetzki, Stefan"]
[Black "Mueller, Christian"]
[Result "1/2-1/2"]
[WhiteElo "2135"]
[BlackElo "2003"]
[PlyCount "34"]
[EventDate "1998.04.10"]
[EventType "swiss"]
[EventRounds "7"]
[EventCountry "GER"]
[SourceTitle "EXT 1999"]
[Source "ChessBase"]
[SourceDate "1998.11.16"]
[SourceVersion "1"]
[SourceVersionDate "1998.11.16"]
[SourceQuality "1"]

1. d4 f5 2. g3 Nf6 3. Bg2 e6 4. Nc3 Be7 5. e4 fxe4 6. Nxe4 0-0 7. f4 Nc6 8. Ne2 d6 9. 0-0 Bd7 10. b3 Nxe4 11. Bxe4 Bf6 12. Bb2 g6 13. Qd2 Rb8 14. a4 Ne7 15. c4 Bc6 16. Nc3 d5 17. cxd5 exd5 1/2-1/2

[Event "Regensburg op"]
[Site "Regensburg"]
[Date "1998.??.??"]
[Round "7"]
[White "Remmler, Hans Peter"]
[Black "Oschetzki, Stefan"]
[Result "0-1"]
[WhiteElo "2265"]
[BlackElo "2135"]
[PlyCount "119"]
[EventDate "1998.??.??"]
[EventType "swiss"]
[EventRounds "7"]
[EventCountry "GER"]
[SourceTitle "EXT 2000"]
[Source "ChessBase"]
[SourceDate "1999.11.16"]
[SourceVersion "1"]
[SourceVersionDate "1999.11.16"]
[SourceQuality "1"]

1. e4 d6 2. d4 Nf6 3. Nc3 g6 4. g3 Bg7 5. Bg2 0-0 6. Nge2 c6 7. a4 a5 8. 0-0 e5 9. h3 Be6 10. Be3 Qc8 11. Kh2 Bc4 12. f4 Nbd7 13. dxe5 dxe5 14. f5 Rd8 15. Qe1 b6 16. b3 Ba6 17. Qf2 Nc5 18. g4 Qc7 19. g5 Nh5 20. Rfd1 Bf8 21. Qh4 Rxd1 22. Rxd1 Rd8 23. Rxd8 Qxd8 24. Qf2 Ng7 25. Ng3 Qd6 26. Bf1 Bxf1 27. Qxf1 Ne8 28. Qc4 Qd7 29. Qe2 Nc7 30. Qd2 b5 31. axb5 Qxd2+ 32. Bxd2 cxb5 33. Be3 Nd7 34. Kg2 Bc5 35. Kf3 h6 36. h4 Bxe3 37. Kxe3 hxg5 38. hxg5 Kf8 39. Nge2 Ke7 40. Nc1 Kd6 41. Nd3 Nc5 42. fxg6 fxg6 43. Ne1 a4 44. bxa4 bxa4 45. Nf3 a3 46. Nd2 Ke7 47. Ndb1 Nb5 48. Na2 Nd6 49. Nxa3 Ncxe4 50. Nb4 Nxg5 51. c4 Ne6 52. Nd3 Kf6 53. c5 Nf5+ 54. Ke4 Ng3+ 55. Ke3 e4 56. Nf4 Nxc5 57. Nxg6 Kxg6 58. Nc4 Nf5+ 59. Ke2 Nb3 60. Nb6 0-1

[Event "Augsburg Afro op"]
[Site "Augsburg"]
[Date "1997.??.??"]
[Round "7"]
[White "Holzhaeuer, Mathias"]
[Black "Oschetzki, Stefan"]
[Result "0-1"]
[WhiteElo "2360"]
[BlackElo "2150"]
[PlyCount "46"]
[EventDate "1997.??.??"]
[EventType "swiss"]
[EventRounds "7"]
[EventCountry "GER"]
[SourceTitle "EXT 2006"]
[Source "ChessBase"]
[SourceDate "2005.11.24"]
[SourceVersion "1"]
[SourceVersionDate "2005.11.24"]
[SourceQuality "1"]

1. e4 d6 2. d4 Nf6 3. Nc3 g6 4. f4 Bg7 5. Nf3 c5 6. e5 Nfd7 7. exd6 0-0 8. Be3 exd6 9. Qd2 Nc6 10. 0-0-0 Qa5 11. Bc4 Nb6 12. Bb5 Bg4 13. Bxc6 bxc6 14. b3 Nc4 15. bxc4 Qa3+ 16. Kb1 Rab8+ 17. Nb5 cxb5 18. Ka1 bxc4 19. c3 Bxf3 20. gxf3 cxd4 21. Bxd4 Bxd4 22. cxd4 c3 23. Qe2 Rfe8 0-1

[Event "Chemnitz op"]
[Site "Chemnitz"]
[Date "1997.??.??"]
[Round "6"]
[White "Kalinitschew, Sergey"]
[Black "Oschetzki, Stefan"]
[Result "1-0"]
[WhiteElo "2525"]
[BlackElo "2150"]
[PlyCount "93"]
[EventDate "1997.??.??"]
[EventType "swiss"]
[EventRounds "9"]
[EventCountry "GER"]
[SourceTitle "EXT 1999"]
[Source "ChessBase"]
[SourceDate "1998.11.16"]
[SourceVersion "1"]
[SourceVersionDate "1998.11.16"]
[SourceQuality "1"]

1. d4 g6 2. e4 Bg7 3. Nf3 c5 4. d5 d6 5. Nc3 Nf6 6. Bb5+ Nbd7 7. a4 0-0 8. 0-0 a6 9. Be2 b6 10. h3 Rb8 11. Re1 Ne8 12. Bf1 Nc7 13. Bf4 Ne5 14. Nxe5 dxe5 15. Be3 Qd6 16. Qd2 Rd8 17. Red1 f5 18. f3 Bf6 19. g4 f4 20. Bf2 h5 21. Kg2 Kg7 22. Be2 Bb7 23. h4 hxg4 24. fxg4 g5 25. h5 e6 26. Bf3 Rd7 27. Qe2 Qe7 28. a5 exd5 29. axb6 dxe4 30. Nxe4 Nd5 31. Bxc5 Qe6 32. c4 Nxb6 33. Bxb6 Rxd1 34. Rxd1 Qxb6 35. Rd6 Bxe4 36. Rxb6 Bxf3+ 37. Kxf3 Rxb6 38. Ke4 Rb3 39. Kf5 f3 40. Qd1 f2 41. Qd7+ Kh6 42. Qd1 Re3 43. Kxf6 Re1 44. Qd6 f1Q+ 45. Ke7+ Kg7 46. Qg6+ Kh8 47. h6 1-0

[Event "Augsburg Afro op"]
[Site "Augsburg"]
[Date "1997.??.??"]
[Round "2"]
[White "Oschetzki, Stefan"]
[Black "Helmschrott, Otto"]
[Result "0-1"]
[WhiteElo "2150"]
[BlackElo "1865"]
[PlyCount "80"]
[EventDate "1997.??.??"]
[EventType "swiss"]
[EventRounds "7"]
[EventCountry "GER"]
[SourceTitle "EXT 2006"]
[Source "ChessBase"]
[SourceDate "2005.11.24"]
[SourceVersion "1"]
[SourceVersionDate "2005.11.24"]
[SourceQuality "1"]

1. e4 e6 2. d4 d5 3. Nd2 dxe4 4. Nxe4 Bd7 5. Nf3 Bc6 6. Bd3 Nf6 7. Qe2 Be7 8. 0-0 0-0 9. Rd1 Bxe4 10. Bxe4 Nxe4 11. Qxe4 c6 12. c4 Nd7 13. Bd2 Nf6 14. Qe2 Qc7 15. Bc3 Rad8 16. Rd2 Rfe8 17. Rad1 Qf4 18. Re1 Qb8 19. Ne5 Nd7 20. f4 Nxe5 21. fxe5 b5 22. b3 Qb7 23. Qf3 a6 24. Rf1 Bf8 25. h4 Rd7 26. Kh1 Red8 27. Rdf2 Qb6 28. h5 h6 29. Qg4 Qc7 30. Rf6 Kh8 31. R1f3 bxc4 32. bxc4 Qb7 33. Rxh6+ gxh6 34. Rg3 Qb1+ 35. Kh2 Qh7 36. d5 cxd5 37. Ba5 Rc8 38. cxd5 Rxd5 39. Bb6 Be7 40. Qe2 Rg8 0-1